Legal principles in shipping business / (Record no. 293)

000 -LEADER
fixed length control field 00395 a2200145 4500
008 - FIXED-LENGTH DATA ELEMENTS--GENERAL INFORMATION
fixed length control field 221102b ||||| |||| 00| 0 eng d
020 ## - INTERNATIONAL STANDARD BOOK NUMBER
International Standard Book Number 9781908833846
082 00 - DEWEY DECIMAL CLASSIFICATION NUMBER
Classification number 343.096
Item number I17
100 ## - MAIN ENTRY--PERSONAL NAME
Personal name Steel, David
245 ## - TITLE STATEMENT
Title Legal principles in shipping business /
260 ## - PUBLICATION, DISTRIBUTION, ETC. (IMPRINT)
Place of publication, distribution, etc London:
Name of publisher, distributor, etc Institute of Chartered Shipbrokers,
Date of publication, distribution, etc 2016.
300 ## - PHYSICAL DESCRIPTION
Extent x, 362 p.
650 #0 - SUBJECT ADDED ENTRY--TOPICAL TERM
Topical term or geographic name as entry element Maritime Law
942 ## - ADDED ENTRY ELEMENTS (KOHA)
Source of classification or shelving scheme
Item type Books
Holdings
Withdrawn status Lost status Source of classification or shelving scheme Damaged status Not for loan Permanent location Current location Date acquired Source of acquisition Cost, normal purchase price Full call number Barcode Date last seen Cost, replacement price Koha item type
          IMU Kolkata IMU Kolkata 2017-03-23 Sterling Book House 6541.96 343.096 I17 12161 2019-09-26 7268.85 Books
Designed and Maintained by IMU-KC Library, Kolkata Campus © Copyright All Rights Reserved

webs counters

Powered by Koha